=LDR 00000nam 2200000 4500 =001 INLIS000000000017580 =005 20130612112807 =008 ***********************************Ind** =035 ##$$a0010-061300000017580 =041 ##$$a Ind =082 ##$$a 519.4 =090 ##$$a 519.4, Lip m =100 ##$$a Lipschutz, Seymour =245 ##$$a Matematika diskrit, Leymour Lipschutz =260 ##$$a 2002 $b Jakarta =300 ##$$a ...jil, ilus, 26 cm =650 ##$$a Matematika diskrit =850 ##$$a NBPNMAT =990 ##$$a 21194891/BPAP-NTB/2014